000 01318nam a2200313 a 4500
008
020 _a2831701023 (pbk.)
049 _aMAIN
090 _aQH87.3MAN
111 2 _aWWF-Zambia Wetlands Project Workshop
_d(1986 :
_cKafue National Park, Zambia)
245 1 0 _aManaging the wetlands of Kafue Flats and Bangweulu Basin :
_bproceedings of the WWF-Zambia Wetlands Project Workshop ... Kafue National Park, Zambia, 5th-7th November, 1986 /
_cedited by R.C.V. Jeffery ... [et al.].
260 _aGland :
_bIUCN,
_c1992.
300 _aviii, 113 p. :
_bill., maps ;
_c24 cm.
440 0 _aIUCN conservation library.
500 _aAt head of title cover: The IUCN Wetlands Programme.
500 _aWorkshop sponsors: WWF-I and IUCN.
504 _aIncludes bibliographical references.
650 0 _aWetlands
_zZambia
_zKafue Flats
_xCongresses.
650 0 _aWetlands
_zZambia
_zBangweulu Basin
_xCongresses.
650 0 _aWetland ecology
_zZambia
_zKafue Flats
_xCongresses.
700 1 _aJeffery, R. C. V.
710 2 _aInternational Union for Conservation of Nature and Natural Resources.
710 2 _aWorld Wide Fund for Nature.
907 _a.b10120245
_b16-01-07
_c03-05-04
003
005 20230123133708.0
040 _cNUST
942 _cBOOKS
_kQH87.3MAN
999 _c153039
_d153039